000 00331cam a2200145ua 4500
041 _aeng
_h
082 _a822
_bEND/SE
100 _aEndicott, M.
245 _aSeven little plays /
_cM Endicott.
_hTextual Documents
260 _aLondon :
_bLongman ,
_c1967.
300 _a64 ; .
504 _a
942 _cBK
999 _c493
_d493